banner-ar

EDUCATION AND DEVELOPMENT: EVIDENCE FOR NEW PRIORTIES / (Record no. 25879)

MARC details
000 -الفاتح
حقل البيانات ثابتة الطول 00605nam a2200229Ia 4500
008 - عناصر البيانات ثابتة الطول - معلومات عامة
حقل البيانات ثابتة الطول 140319s9999 xx 000 0 eng d
040 ## - مصدر الفهرسة
وكالة الفهرسة الأصلية GCL /
وكالة النسخ GCL
082 04 - رقم تصنيف ديوى العشرى
رقم التصنيف P
رقم المادة 338.4737
-- H E
100 1# - المدخل الرئيسى - إسم شخصى
الإسم الشخصى HSDDAD, WADI D
245 10 - بيان العنوان
العنوان EDUCATION AND DEVELOPMENT: EVIDENCE FOR NEW PRIORTIES /
بيان المسئوليه,etc HSDDAD, WADI D
700 1# - المدخل الاضافى - اسم شخصى
الإسم الشخصى CARNIY,MARTIM
700 1# - المدخل الاضافى - اسم شخصى
الإسم الشخصى RINALDE, ROSEMARY
700 1# - المدخل الاضافى - اسم شخصى
الإسم الشخصى REGEL, ONPORN
260 ## - PUBLICATION, DISTRIBUTION, ETC. (IMPRINT)
تاريخ النشر أو التوزيع 1990
300 ## - الوصف المادى
التعداد 99 P
650 04 - المدخل الاضافى بالموضوع-مصطلح موضوعى
مصطلح موضوعي ECONOMICS
650 04 - المدخل الاضافى بالموضوع-مصطلح موضوعى
مصطلح موضوعي DEVELOPMENT
650 04 - المدخل الاضافى بالموضوع-مصطلح موضوعى
مصطلح موضوعي EDUCATION
650 04 - المدخل الاضافى بالموضوع-مصطلح موضوعى
مصطلح موضوعي PERIODICALS
942 ## - عناصر المدخل الإضافي( كوها)
مصدر التصنيف او مخطط الترفيف Dewey Decimal Classification
Koha [default] item type الدوريات
260 ## - PUBLICATION, DISTRIBUTION, ETC. (IMPRINT)
-- [S.N] :
-- THE WORLD BANK ،
Holdings
حالة التراجع حالة الفقد حالة تلف ليس للاعارة المكان المؤقت الموقع الحالى تاريخ الاكتساب اجمالي اﻻعارات رقم الطلب الباركود تاريخ اخر مشاهدة تاريخ تفعيل السعر نوع وعاء كوها
        مكتبة القاهرة الكبرى مكتبة القاهرة الكبرى 03/26/2014   P\338.4737\H E 45919 03/26/2014 03/26/2014 الدوريات
        مكتبة القاهرة الكبرى مكتبة القاهرة الكبرى 03/26/2014   P\338.4737\H E 45920 03/26/2014 03/26/2014 الدوريات

Powered By

EGPV